Doubt over the benefit (Record no. 73098)
[ view plain ]
| 000 -LEADER | |
|---|---|
| fixed length control field | 01010cam a2200217 4500 |
| 001 - CONTROL NUMBER | |
| control field | ABS66930 |
| 008 - FIXED-LENGTH DATA ELEMENTS--GENERAL INFORMATION | |
| fixed length control field | 030723n2003 000 0 eng u |
| 035 ## - SYSTEM CONTROL NUMBER | |
| System control number | (Sirsi) u123098 |
| 100 ## - MAIN ENTRY--PERSONAL NAME | |
| Personal name | Murdoch, S. |
| 245 ## - TITLE STATEMENT | |
| Title | Doubt over the benefit |
| 260 ## - PUBLICATION, DISTRIBUTION, ETC. | |
| Date of publication, distribution, etc. | 2003 |
| 490 ## - SERIES STATEMENT | |
| Series statement | Estates Gazette |
| Volume/sequential designation | (0327) 5 July 2003, 136(1) |
| 520 ## - SUMMARY, ETC. | |
| Summary, etc. | Discusses "Dano Ltd v Earl Cadogan and others"([2003] EWHC 239 (Ch), [2003] 12 EG 128 (CS)) challenging the enforceability of a restrictive covenant restricting land for use of working classes. HC held that a restrictive covenant cannot be enforced if benefited land no longer exists. Discusses the meaning of the term 'working classes' in a modern context. The HC decision has been upheld on appeal by the CA ([2003] EWCA Civ 782, Abs...). |
| 590 ## - LOCAL NOTE (RLIN) | |
| Local note | ABS |
| 650 ## - SUBJECT ADDED ENTRY--TOPICAL TERM | |
| Topical term or geographic name entry element | CADOGAN ESTATE |
| 650 ## - SUBJECT ADDED ENTRY--TOPICAL TERM | |
| Topical term or geographic name entry element | DANO LTD V EARL CADOGAN AND OTHERS |
| 650 ## - SUBJECT ADDED ENTRY--TOPICAL TERM | |
| Topical term or geographic name entry element | WORKING CLASS HOUSING |
| 650 ## - SUBJECT ADDED ENTRY--TOPICAL TERM | |
| Topical term or geographic name entry element | RESTRICTIVE COVENANTS |
| 690 ## - LOCAL SUBJECT ADDED ENTRY--TOPICAL TERM (OCLC, RLIN) | |
| Topical term or geographic name as entry element | PROPERTY AND LAND LAW-CASE LAW |
| 942 ## - ADDED ENTRY ELEMENTS (KOHA) | |
| Suppress in OPAC | 0 |
| Withdrawn status | Lost status | Source of classification or shelving scheme | Damaged status | Not for loan | Home library | Current library | Shelving location | Date acquired | Total Checkouts | Full call number | Barcode | Date last seen | Copy number | Price effective from | Koha item type |
|---|---|---|---|---|---|---|---|---|---|---|---|---|---|---|---|
| Dewey Decimal Classification | London | London | Journal article | 23/07/2003 | ABS66930 | 123098-1001 | 06/08/2019 | 1 | 06/08/2019 | Journal article |